Giudici di "Italia's Got Talent" - Statistics

Statistiche generali
  • Questo quiz è stato fatto 62 volte
  • Il punteggio medio è 11 su 13
Statistiche sulle risposte
con Immagini Risposta % Corretto
Gerry Scotti
97%
Mara Maionchi
97%
Maria De Filippi
97%
Frank Matano
93%
Joe Bastianich
91%
Elettra Lamborghini
90%
Elio
90%
Claudio Bisio
88%
Federica Pellegrini
88%
Rudy Zerbi
78%
Luciana Litizzetto
76%
Nina Zilli
71%
Khaby Lame
64%
Nessun quiz corrispondente trovato
Distribuzione punteggi
Percentuale di utenti per punteggio
Percentile per numero di risposta
I tuoi punteggi nel tempo
Non hai fatto questo quiz